000 02644nam a22003497a 4500
005 2012010502312.0
010 _aB-470350-361
020 _a9789380848051
_c$ 4.95 Rs. 470350-361
035 _aB-470350-361
037 _bBlue Berry/Ven
082 _aN
100 _aAusten, Jane
_952753
245 _aPride & prejudice /
_cby Jane Austen
260 _aNew Delhi
_bBlueberry Books
_c2011
270 _a4675A/21, Ansari Road, Daryaganj
_bNew Delhi
_e110002
300 _a437p.
_c20cm(pbk)
490 _aComplete and unabridged
_952754
942 _2ddc
_cCH
_mAUS
_hN
999 _c60391
_d60391